00687nam a2200205Ia 4500003000900000008004100009020001800050040001600068080001600084100002300100245008100123250001200204260004800216300001400264490003600278650002500314942000700339999001500346952012000361IN-BaIIA211028s9999 xx 000 0 eng d a0-521-25320-9 cIIA Library a535.41bSTE aSteel, W. H.97276 0aInterferometarycW. H. Steel  a2nd ed. aCambridgebCambridge University Pressc1983 axv, 308p. aCambridge monographs on physics aInterferometry93249 cBK c7864d7864 00104070aBANbBANcGENd1984-02-29g513.45l0o535.41/ STEp8685r2021-11-05v513.45w1984-02-29yBKGRs. 513.45